José Bergamín: la escritura, símbolo de exilio y peregrinación

Uloženo v:
Podrobná bibliografie
Médium: Kniha
Jazyk:španělština
Vydáno: Barcelona Proyecto A Ediciones 1997
Vydání:1a. ed
Edice:Revista Anthropos Huellas del Conocimiento, 172
Témata:
Tagy: Přidat tag
Žádné tagy, Buďte první, kdo vytvoří štítek k tomuto záznamu!

MARC

LEADER 00000cam a2200000 a 4500
001 UCD0153
003 CL-VaPUC
008 151120e19970000sp |||||||||||||||||spa|d
082 0 4 |a 861.09  |b JOS  |2 21 
245 1 0 |a José Bergamín: la escritura, símbolo de exilio y peregrinación 
250 |a 1a. ed 
300 |a 94 p 
942 |c BK 
945 |d 20151120 13:39:00  |a dcastane 
260 |a Barcelona  |b Proyecto A Ediciones  |c 1997 
650 0 |a Poesía española  |9 264938 
650 0 |a Historia y crítica   |9 257407 
583 |a last modification  |c 20151120 13:39:00  |k Rodrigo Vera 
490 0 |a Revista Anthropos Huellas del Conocimiento, 172 
999 |c 361773  |d 361771 
952 |0 0  |1 0  |3 erb  |4 0  |6 861_090000000000000_JOS_1997  |7 0  |8 A  |9 472426  |a BIBEDU  |b BIBEDU  |i 525048K  |o 861.09 JOS 1997  |p 525048K  |r 2019-11-24  |w 2019-11-24  |y BK  |z Catalogado en:20151120  |k FIL